000 00633nam a2200229Ia 4500
001 12664
003 GE_BSU
008 181216s||||||||xx |||||||||||||| ||und||
040 _cGE_BSU
080 _a631.4(075.8)
100 _aГлинка,К.П.
245 _aПочвоведение
245 _bУч. пособие для сельскл-хоз. вузов
245 _cРед.З.Филлипович
250 _a6-ое изд.(посмертное)
260 _aМосква
260 _bСельхозгиз
260 _c1935
300 _a630стр.23см.
653 _aПочвоведение
942 _cBK
999 _c45835
_d45835